LEADER 01616nam a2200325 i 4500 001 000000167899 003 CaOOAMICUS 005 20080623000000.0 008 080623s2006 it u000 u ger u 013 $a145299 020 $a978-3-429-02791-9 040 $aSeMil$bita 240 10$aDall'«Inter Insigniores» all'«Ordinatio Sacerdotalis».$0(OLS)http://semarc/title/408864 240 10$aVon Inter Insignores bis Ordinis Sacerdotalis.$0(OLS)http://semarc/title/240246 245 10$aVon «Inter Insignores» bis «Ordinatio Sacerdotalis» :$bDokumente und Studien der Glaubenskongregation /$cGerhard Ludwig Müller (Hg.) ; mit einer Einleitung von Joseph Kardinal Ratzinger. 260 $aWürzburg :$bEchter,$c2006. 490 0 $aRömische Texte und Studien 700 1 $aMüller, Gerhard Ludwig,$c.$0(OLS)http://semarc/name/3512 700 0 $aBenedictus XVI,$c.$0(OLS)http://semarc/name/298 830 0$aRömische Texte und Studien.$0(OLS)http://semarc/title/19802 850 $aSeMil 852 $aSeMil$W1$xVenegono$y1$m2B III 125$j119035$B119035$CSeMilBibl$Z2$F134664 $81 900 1 $aRatzinger, Joseph,$d<1927-2022>. 900 0 $aBenedetto XVI$c. 961 $aAcquisto: Herder 996 $6020$a978-3-429-02791-9$9(OLS)http://semarc/number/154599 996 $6245$aVon «Inter Insignores» bis «Ordinatio Sacerdotalis» :$bDokumente und Studien der Glaubenskongregation$9(OLS)http://semarc/title/240245 996 $6260$aWürzburg :$bEchter$9(OLS)http://semarc/publisher/29704 LEADER 01573nam a2200289 i 4500 001 000000092959 003 CaOOAMICUS 005 20171117000000.0 008 171117s2017 it u000 u ita u 013 $a65201 020 $a978-88-7203-680-8 040 $aSeMil$bita 100 1 $aStucchi, Luigi,$c.$0(OLS)http://semarc/name/10850 245 10$aPer la vita, sempre :$bse non si è decisi a difendere comunque la vita, che cosa si è disposti a difendere? : Il Resegone, editoriali 1973-1986 /$cLuigi Stucchi ; prefazione di Cesare Cavalleri ; postfazione di Gianfranco Garancini ; introduzioni ai capitoli di Luigi Crimella. 260 $aGorle :$bVelar,$c2017. 300 $a327 p. ;$c24 cm. 600 14$aStucchi, Luigi .$0(OLS)http://semarc/subject/37624 650 4$aIl Resegone .$0(OLS)http://semarc/subject/40070 700 1 $aCrimella, Luigi.$0(OLS)http://semarc/name/92464 700 1 $aGarancini, Gianfranco.$0(OLS)http://semarc/name/6563 700 1 $aCavalleri, Cesare,$d<1936-2022>.$0(OLS)http://semarc/name/24411 850 $aSeMil 852 $aSeMil$W1$xVenegono$y1$m3M V 234$j55779$B55779$CSeMilBibl$Z2$F60560 $81 961 $aOmaggio: Di Tolve don Michele 996 $6020$a978-88-7203-680-8$9(OLS)http://semarc/number/272182 996 $6245$aPer la vita, sempre :$bse non si è decisi a difendere comunque la vita, che cosa si è disposti a difendere? : Il Resegone, editoriali 1973-1986$9(OLS)http://semarc/title/406215 996 $6260$aGorle :$bVelar$9(OLS)http://semarc/publisher/33489